| 000 | 00351nam a22001457a 4500 | ||
|---|---|---|---|
| 008 | 230427b ||||| |||| 00| 0 eng d | ||
| 020 | _a1573561487 | ||
| 041 | _aeng | ||
| 080 |
_2VOLUME 1 _a030 |
||
| 082 | _a030HAY | ||
| 100 | _a44 | ||
| 101 | _aENCIKLO | ||
| 245 |
_aENCYCLOPEDIA OF MINORITIES IN AMERICAN POLITICS _cHAYNIE.L.K |
||
| 942 |
_2udc _cBK |
||
| 999 |
_c59631 _d59631 |
||